Kapitálový trh: čtyři zásadní otázky.
Situácia v oblasti kapitálového trhu v ČR. Odpovede na otázky zahraničných investorov: či existuje v ČR základná štruktúra produktov a nástroje kapitálového trhu, či je tento trh transparentný a pochopiteľný z pohľadu investora, aké sú politické, menové a iné riziká predvídateľné na trhu, ako ľahko...
Gespeichert in:
| 1. Verfasser: | |
|---|---|
| Format: | Buchkapitel |
| Sprache: | Tschechisch |
| Schlagworte: | |
| Tags: |
Keine Tags, Fügen Sie das erste Tag hinzu!
|
MARC
| LEADER | 00000naa a2200000 4500 | ||
|---|---|---|---|
| 001 | r013435 | ||
| 005 | 20221213081925.5 | ||
| 041 | 0 | |a cze | |
| 044 | |a CZ | ||
| 245 | 1 | 0 | |a Kapitálový trh: čtyři zásadní otázky. |c I. Rajda |
| 520 | |a Situácia v oblasti kapitálového trhu v ČR. Odpovede na otázky zahraničných investorov: či existuje v ČR základná štruktúra produktov a nástroje kapitálového trhu, či je tento trh transparentný a pochopiteľný z pohľadu investora, aké sú politické, menové a iné riziká predvídateľné na trhu, ako ľahko môže investor na trh vstúpiť a trh opustiť. | ||
| 610 | 2 | 0 | |a trh kapitálový |
| 610 | 2 | 0 | |a Čechy |
| 610 | 2 | 0 | |a investori |
| 610 | 2 | 0 | |a investície zo zahraničia |
| 100 | 1 | |a Rajda, I. | |